ABBA - Toutes les chansons - Statistiques

Statistiques générales
  • Ce quiz a été pris 40 fois
  • Le résultat moyen est 33 sur 109
Statistiques - réponses
Hint Réponse % Correct
Arrival 2 Dancing Queen
87%
ABBA 1 Mamma Mia
87%
Super Trouper 1 Super Trouper
87%
Voulez-Vous 2 Voulez-Vous
87%
Waterloo 1 Waterloo
87%
Arrival 6 Money, Money, Money
83%
Voulez-Vous 13 Gimme! Gimme! Gimme! (A Man After Midnight)
80%
ABBA 4 SOS
77%
Arrival 11 Fernando
73%
Super Trouper 2 The Winner Takes It All
73%
Super Trouper 9 Lay All Your Love on Me
70%
Voulez-Vous 8 Chiquitita
67%
Ring Ring 1 Ring Ring
67%
Ring Ring 15 Ring Ring (Bara du slog en signal)
67%
Voulez-Vous 6 Does Your Mother Know
60%
Super Trouper 7 Our Last Summer
60%
Voulez-Vous 4 Angeleyes
53%
ABBA 7 I Do, I Do, I Do, I Do, I Do
53%
Voulez-Vous 3 I Have a Dream
53%
The Visitors 6 One of Us
53%
The Visitors 1 The Visitors
53%
Arrival 5 Knowing Me, Knowing You
50%
The Album 7 Thank You for the Music
50%
Arrival 1 When I Kissed the Teacher
50%
Arrival 10 Arrival
47%
Waterloo 7 Honey, Honey
47%
The Visitors 8 Slipping Through My Fingers
47%
The Album 2 Take a Chance on Me
47%
The Album 4 The Name of the Game
43%
Super Trouper 6 Happy New Year
40%
Arrival 3 My Love, My Life
33%
Arrival 8 Why Did It Have to Be Me
33%
Voyage 4 Don't Shut Me Down
30%
The Album 1 Eagle
30%
Voyage 1 I Still Have Faith in You
30%
Voulez-Vous 11 Summer Night City
30%
Voyage 8 Bumblebee
27%
Arrival 12 Happy Hawaii
27%
The Visitors 2 Head over Heels
27%
Voulez-Vous 7 If It Wasn't for the Nights
27%
ABBA 10 I've Been Waiting for You
27%
Voulez-Vous 10 Kisses of Fire
27%
Voulez-Vous 5 The King Has Lost His Crown
27%
The Visitors 14 Cassandra
23%
Waterloo 6 Dance (While the Music Still Goes On)
23%
Waterloo 4 Hasta Mañana
23%
The Album 8 I Wonder (Departure)
23%
Voyage 5 Just a Notion
23%
Voyage 3 Little Things
23%
Super Trouper 3 On and On and On
23%
ABBA 8 Rock Me
23%
The Visitors 12 Under Attack
23%
The Visitors 3 When All Is Said and Done
23%
Super Trouper 4 Andante, Andante
20%
Super Trouper 11 Elaine
20%
The Album 9 I'm a Marionette
20%
The Visitors 9 Like an Angel Passing Through My Room
20%
Voulez-Vous 12 Lovelight
20%
Super Trouper 5 Me and I
20%
Ring Ring 6 Nina, Pretty Ballerina
20%
The Album 3 One Man, One Woman
20%
The Visitors 4 Soldiers
20%
The Visitors 11 The Day Before You Came
20%
Super Trouper 8 The Piper
20%
ABBA 6 Bang-A-Boomerang
17%
Arrival 4 Dum Dum Diddle
17%
Ring Ring 7 Love Isn't Easy (But It Sure Is Hard Enough)
17%
Voulez-Vous 9 Lovers (Live a Little Longer)
17%
The Album 5 Move On
17%
Voyage 9 No Doubt About It
17%
Voyage 10 Ode to Freedom
17%
Ring Ring 4 People Need Love
17%
ABBA 11 So Long
17%
Super Trouper 10 The Way Old Friends Do (version live)
17%
Arrival 9 Tiger
17%
Ring Ring 2 Another Town, Another Train
13%
Voulez-Vous 1 As Good as New
13%
Ring Ring 3 Disillusion
13%
Ring Ring 9 He Is Your Brother
13%
ABBA 2 Hey, Hey Helen
13%
The Album 6 Hole in Your Soul
13%
The Visitors 5 I Let the Music Speak
13%
Waterloo 3 King Kong Song
13%
Ring Ring 8 Me and Bobby and Bobby's Brother
13%
Ring Ring 13 Merry-Go-Round
13%
Super Trouper 12 Put On Your White Sombrero
13%
Waterloo 2 Sitting in the Palmtree
13%
Arrival 7 That's Me
13%
ABBA 3 Tropical Loveland
13%
The Visitors 7 Two for the Price of One
13%
Voyage 2 When You Danced with Me
13%
ABBA 12 Crazy World
10%
Waterloo 10 Gonna Sing You My Lovesong
10%
Ring Ring 11 I Am Just a Girl
10%
Voyage 6 I Can Be That Woman
10%
ABBA 9 Intermezzo No. 1
10%
Voyage 7 Keep an Eye on Dan
10%
Waterloo 5 My Mama Said
10%
ABBA 13 Pick a Bale of Cotton/On Top of Old Smokey/Midnight Special (medley)
10%
Ring Ring 12 Rock'n Roll Band
10%
The Visitors 10 Should I Laugh or Cry
10%
Waterloo 11 Suzy-Hang-Around
10%
The Visitors 13 You Owe Me One
10%
Ring Ring 5 I Saw It in the Mirror
7%
ABBA 5 Man in the Middle
7%
Ring Ring 14 Santa Rosa
7%
Ring Ring 10 She's My Kind of Girl
7%
Waterloo 8 Watch Out
7%
Waterloo 9 What About Livingstone?
7%
Aucun quiz correspondant
Distribution des résultats
% des personnes avec chaque résultat
Percentile par nombre de réponses
Votre historique - résultats
Vous n’avez pas pris ce quiz